00818 a2200205 4500020002300000035002000023037004600043082000800089090001500097100001600112245003700128250001100165260003900176270007100215300004200286942002300328999001500351952012300366952012300489 a8177585428c565.00 aB-211495-211496 bRP-ZLS-2773 / UBH-07-08:6 / RP-07-08:ENGS14a547 c5141d51411 aFinar, I.L.1 aOrganic chemistrycby I.L. Finar a6th ed aNew DelhibPearson Educationc2006 a14 Local Shopping Centre,Panchsheel ParkbNew DelhicDelhie110017 aV.1-xiv, 965, V.2-956 pc24 cm (pbk) adplcENk547 / FIN c5043d5043 00102ddc40708NFICaZLSbZLSg565.00l0m0o547 FINpB-211495r2008-09-15 00:00:00t1u5352v565.00w2008-09-15yEN 00102ddc40708NFICaZLSbZLSg565.00l0m0o547 FINpB-211496r2008-09-15 00:00:00t1u5353v565.00w2008-09-15yEN